| 000 -LEADER |
| fixed length control field |
00382pab a2200157 454500 |
| 008 - FIXED-LENGTH DATA ELEMENTS--GENERAL INFORMATION |
| fixed length control field |
180718b1984 xxu||||| |||| 00| 0 eng d |
| 100 ## - MAIN ENTRY--PERSONAL NAME |
| Personal name |
Lewis, Gregory B. |
| 245 ## - TITLE STATEMENT |
| Title |
Who pays for vetrans' preference? |
| 260 ## - PUBLICATION, DISTRIBUTION, ETC. |
| Date of publication, distribution, etc. |
1984 |
| 300 ## - PHYSICAL DESCRIPTION |
| Extent |
328-45 |
| 362 ## - DATES OF PUBLICATION AND/OR SEQUENTIAL DESIGNATION |
| Dates of publication and/or sequential designation |
Nov. |
| 650 ## - SUBJECT ADDED ENTRY--TOPICAL TERM |
| Topical term or geographic name entry element |
Civil Service - U.S.A. |
| 700 ## - ADDED ENTRY--PERSONAL NAME |
| Personal name |
Mark, A. |
| 773 ## - HOST ITEM ENTRY |
| Main entry heading |
Administration and Society |
| 909 ## - |
| -- |
5858 |